Mushāʻarah. (Record no. 50376)

MARC details
000 -LEADER
fixed length control field 00656cam a22002171 4500
001 - CONTROL NUMBER
control field ne 68001833
003 - CONTROL NUMBER IDENTIFIER
control field DLC
005 - DATE AND TIME OF LATEST TRANSACTION
control field 20260227111841.0
008 - FIXED-LENGTH DATA ELEMENTS--GENERAL INFORMATION
fixed length control field 850406s1964 ir 000 0 perx
010 ## - LIBRARY OF CONGRESS CONTROL NUMBER
LC control number ne 68001833
035 ## - SYSTEM CONTROL NUMBER
System control number (OCoLC)13886710
040 ## - CATALOGING SOURCE
Original cataloging agency DLC
Transcribing agency NN
Modifying agency DLC
042 ## - AUTHENTICATION CODE
Authentication code premarc
050 00 - LIBRARY OF CONGRESS CALL NUMBER
Classification number PK6434
Item number .D28
100 1# - MAIN ENTRY--PERSONAL NAME
Personal name Darvīsh, M.,
Relator term comp.
245 10 - TITLE STATEMENT
Title Mushāʻarah.
Statement of responsibility, etc. Intikhāb-i M. Darvīsh, bā hamkārī-i ʻIffat Munabbatkārān, Muḥammad ʻAlī, Mihdī Shahshahānī.
260 ## - PUBLICATION, DISTRIBUTION, ETC.
Place of publication, distribution, etc. Tihrān,
Name of publisher, distributor, etc. Intishārāt-i Jāvīdān,
Date of publication, distribution, etc. 1343 [1964]
300 ## - PHYSICAL DESCRIPTION
Extent 6, 362 p.
Dimensions 22 cm.
500 ## - GENERAL NOTE
General note In Persian.
650 #0 - SUBJECT ADDED ENTRY--TOPICAL TERM
Topical term or geographic name entry element Persian poetry.

No items available.

Powered by Koha